Filmographie Steven Soderbergh - Statistiques

Statistiques générales
  • Ce quiz a été pris 21 fois
    12 depuis la dernière actualisation
  • Le résultat moyen est 12 sur 35
Statistiques - réponses
Année Films % Correct
2001 Ocean's Eleven
78%
2007 Ocean's Thirteen
78%
2004 Ocean's Twelve
78%
1989 Sexe, Mensonges et Vidéo
78%
2000 Erin Brockovich, seule contre tous
56%
2017 Logan Lucky
56%
2018 Paranoïa
56%
2019 The Laundromat : L'Affaire des Panama Papers
56%
2000 Traffic
56%
2011 Contagion
44%
2012 Magic Mike
44%
2013(téléfilm) Ma vie avec Liberace
44%
2025 The Insider
44%
2005 Bubble
33%
2008 Che, 1re partie : L'Argentin
33%
2008 Che, 2e partie : Guerilla
33%
2013 Effets secondaires
33%
1998 Hors d'atteinte
33%
1999 L'Anglais
33%
2024 Presence
33%
2002 Solaris
33%
2023 Magic Mike : Dernière danse
22%
2009 The Informant!
22%
2002 Full Frontal
11%
2009 Girlfriend Experience
11%
2019 High Flying Bird
11%
1991 Kafka
11%
2022 KIMI
11%
2021 No Sudden Move
11%
1996 Schizopolis
11%
2006 The Good German
11%
1995 À fleur de peau
0%
1993 King of the Hill
0%
2020 La Grande Traversée
0%
2012 Piégée
0%
Aucun quiz correspondant
Distribution des résultats
% des personnes avec chaque résultat
Percentile par nombre de réponses
Votre historique - résultats
Vous n’avez pas pris ce quiz depuis la dernière actualisation